000 00652nam a22002177a 4500
999 _c2252
_d2252
005 20230405104405.0
008 230405b ||||| |||| 00| 0 eng d
020 _a9781865049953
040 _cKH8
082 _aFIC BET
100 _aBetancourt, Jeanne
_eauthor
245 _aThe girl who hated ponies
_cJeanne Betancourt
260 _aNew York,
_bScholastic,
_c©1997
300 _a 83 pages
_b illustrations
_c 20 cm
440 _a Pony pals
521 _aRL3. Lexile: 520. 007-010.
650 _a Amitié Romans
_vnouvelles,
_xpour la jeunesse
650 _aChildren and animals Fiction
650 _aChildren's Stories
942 _2ddc
_cFIC